| 000 | 00000nam 2200000zi 4500 |
| 001 | 9.946611 |
| 003 | CaOODSP |
| 005 | 20250303103444 |
| 006 | m o d f |
| 007 | cr |n||||||||| |
| 008 | 250108s1956 onca o f000 0 eng d |
| 040 | |aCaOODSP|beng|erda|cCaOODSP |
| 043 | |an-cn-bc |
| 086 | 1 |aA52-199/1956E-PDF |
| 100 | 1 |aChapman, F. M., |eauthor. |
| 245 | 10|aDistrict Experiment Substation, Creston, B.C. : |bprogress report 1949-1954 / |cF. M. Chapman, resident research officer ; Experimental Farm, Lethbridge, Alberta, H. Chester, superintendent. |
| 264 | 1|aOttawa, Canada : |bMinister of Agriculture, |c[1956] |
| 300 | |a1 online resource (38 pages) : |billustrations |
| 336 | |atext|btxt|2rdacontent |
| 337 | |acomputer|bc|2rdamedia |
| 338 | |aonline resource|bcr|2rdacarrier |
| 500 | |aDigitized edition from print [provided by Agriculture and Agri-Food Canada]. |
| 610 | 25|aDistrict Experiment Substation (Creston, B.C.) |
| 610 | 25|aDistrict Experiment Substation (Creston, C.-B.) |
| 650 | 0|aAgricultural experiment stations|zBritish Columbia|zCreston. |
| 650 | 6|aStations agronomiques|zColombie-Britannique|zCreston. |
| 710 | 2 |aDistrict Experiment Substation (Creston, B.C.), |eissuing body. |
| 710 | 1 |aCanada. |bExperimental Farm (Lethbridge, Alta.), |eissuing body. |
| 710 | 1 |aCanada. |bExperimental Farms Service, |eissuing body. |
| 856 | 40|qPDF|s6.21 MB|uhttps://publications.gc.ca/collections/collection_2025/aac-aafc/A52-199-1956-eng.pdf |
| 986 | |a2500—21895—6—56 |